Statistics for FIFA 17 Halloween Special Cards

Click here to take the quiz!

General Stats

  • This quiz has been taken 87 times
  • The average score is 12 of 23

Answer Stats

TeamPlayer% Correct
ArsenalPer Mertesacker
76%
West Ham UnitedDimitri Payet
73%
ArsenalHector Bellerin
73%
EvertonRomelu Lukaku
71%
OGC NiceMario Balotelli
64%
New York City FCAndrea Pirlo
62%
Wycombe WanderersAdebayo Akinfenwa
59%
Bayern MunichDouglas Costa
59%
Borussia DortmundEmre Mor
59%
Manchester UnitedMarouane Fellaini
58%
Bayern MunichThomas Muller
58%
GalatasarayWesley Sneijder
55%
WatfordCostel Pantilimon
53%
LiverpoolJoel Matip
52%
Athletic BilbaoAritz Aduriz
47%
JuventusMario Mandzukic
42%
Atletico MadridFilipe Luis
41%
AS RomaMohamed Salah
41%
AjaxHakim Ziyech
38%
VillarrealMario Gaspar
36%
Sporting Kansas CityIke Opara
33%
Bayer LeverkusenHakan Calhanoglu
32%
MontpellierRyad Boudebouz
27%

Score Distribution

Percentile by Number Answered

Percent of People with Each Score

Your Score History

You have not taken this quiz